[Event "ZMD Open"]
[Site "Dresden"]
[Date "????.??.??"]
[Round "3"]
[White "Struk, J."]
[Black "Ghaem Maghami, E."]
[Result "0-1"]
[WhiteElo "2240"]
[BlackElo "2610"]
[PlyCount "70"]
[EventDate "2007.07.??"]
[EventType "swiss"]

1. e4 c5 2. c3 Nf6 3. e5 Nd5 4. Nf3 e6 5. d4 cxd4 6. cxd4 d6 7. Bc4 Nc6 8. O-O
Nb6 9. Bd3 Nb4 10. Be2 dxe5 11. Nxe5 Nc6 12. Nf3 Be7 13. Nc3 O-O 14. a4 Nd5 15.
Bc4 Bf6 16. Ne4 Be7 17. Nc3 Bf6 18. Ne4 b6 19. Nxf6+ Nxf6 20. Bg5 Bb7 21. Ra3
Rc8 22. Ba2 h6 23. Bh4 Rc7 24. Qd2 Rd7 25. d5 exd5 26. Bb1 Rd6 27. Qd3 Re8 28.
Nd4 Re4 29. Nxc6 Bxc6 30. Bg3 Rde6 31. Qd1 Rb4 32. Qc2 Qe8 33. f3 Re2 34. Qc3
Rbxb2 35. Bf2 Rxf2 0-1

[Event "ZMD Open"]
[Site "Dresden"]
[Date "????.??.??"]
[Round "3"]
[White "Graf, A."]
[Black "Rothe, G."]
[Result "1-0"]
[WhiteElo "2595"]
[BlackElo "2235"]
[PlyCount "63"]
[EventDate "2007.07.??"]
[EventType "swiss"]

1. d4 Nf6 2. c4 g6 3. Nc3 Bg7 4. e4 d6 5. f3 c6 6. Be3 a6 7. Rc1 b5 8. b3 Nbd7
9. Nh3 O-O 10. Nf2 Rb8 11. Be2 bxc4 12. bxc4 c5 13. d5 Qa5 14. Bd2 h5 15. O-O
Ne5 16. Qc2 Bd7 17. f4 Neg4 18. Nfd1 Rb7 19. h3 Nh6 20. Ne3 Rfb8 21. Rb1 Qa3
22. Rxb7 Rxb7 23. Rb1 Rb4 24. Rb3 Qa5 25. e5 Ne8 26. e6 fxe6 27. dxe6 Bxe6 28.
Ncd5 Nf5 29. Nxf5 Bxf5 30. Nxe7+ Kh8 31. Nxf5 gxf5 32. a3 1-0

[Event "ZMD Open"]
[Site "Dresden"]
[Date "????.??.??"]
[Round "3"]
[White "Horstmann, O."]
[Black "Arutinian, D."]
[Result "0-1"]
[WhiteElo "2218"]
[BlackElo "2591"]
[PlyCount "74"]
[EventDate "2007.07.??"]
[EventType "swiss"]

1. e4 c5 2. Nc3 a6 3. g3 b5 4. a3 Bb7 5. Bg2 e6 6. d3 Nf6 7. f4 Be7 8. Nf3 d5
9. exd5 Nxd5 10. Nxd5 Bxd5 11. O-O Nd7 12. Be3 Bf6 13. c3 O-O 14. d4 c4 15. Qc2
Nb6 16. f5 Re8 17. fxe6 Rxe6 18. Qd2 Qe7 19. Rae1 Re8 20. Bf2 Qb7 21. Rxe6 Rxe6
22. Be3 h6 23. Qf2 a5 24. Bh3 Re8 25. Ne5 Bxe5 26. dxe5 Nd7 27. e6 Ne5 28.
exf7+ Bxf7 29. Bd4 Nd3 30. Bg2 Bd5 31. Bxd5+ Qxd5 32. Qe2 Qh5 33. Qg2 Re2 34.
Bf2 Rxb2 35. Qa8+ Kh7 36. Qxa5 Nxf2 37. Rxf2 Qe5 0-1

[Event "ZMD Open"]
[Site "Dresden"]
[Date "????.??.??"]
[Round "3"]
[White "Malakhatko, V."]
[Black "Roesemann, R."]
[Result "1-0"]
[WhiteElo "2590"]
[BlackElo "2207"]
[PlyCount "99"]
[EventDate "2007.07.??"]
[EventType "swiss"]

1. d4 g6 2. c4 Bg7 3. Nc3 c5 4. d5 Bxc3+ 5. bxc3 f5 6. e4 fxe4 7. f3 Qa5 8.
fxe4 Qxc3+ 9. Bd2 Qd4 10. Nf3 Qxe4+ 11. Be2 d6 12. O-O Bf5 13. Re1 Nd7 14. Rc1
Ngf6 15. Bf1 Qg4 16. h3 Qg3 17. Ng5 Ne5 18. Rc3 Qh4 19. Qc1 h6 20. g3 Qh5 21.
Be2 Bg4 22. Ne6 Rg8 23. Nf4 Qf5 24. hxg4 Nfxg4 25. Qb1 Qf6 26. Qxb7 Kf7 27. Rf1
Rgb8 28. Qc7 Rc8 29. Qxc8 Rxc8 30. Ne6 g5 31. Rb3 Qxf1+ 32. Kxf1 Nf6 33. Kg2
Ne4 34. Ba5 Kg6 35. Re3 Nf6 36. Bc3 Nfg4 37. Bxg4 Nxg4 38. Re2 Rb8 39. Nc7 Kf7
40. Nb5 a6 41. Na7 Rb1 42. Nc6 Rc1 43. Kf3 h5 44. Bd2 Rxc4 45. Bxg5 Rc3+ 46.
Kf4 Rd3 47. Rxe7+ Kf8 48. Rh7 Rxd5 49. Rxh5 Ne5 50. Nxe5 1-0

[Event "ZMD Open"]
[Site "Dresden"]
[Date "????.??.??"]
[Round "3"]
[White "Weidel, Albrecht"]
[Black "Epishin, Vladimir"]
[Result "0-1"]
[WhiteElo "2207"]
[BlackElo "2587"]
[PlyCount "56"]
[EventDate "2007.07.??"]
[EventType "swiss"]

1. d4 Nf6 2. c4 e6 3. Nc3 Bb4 4. Nf3 b6 5. g3 Bb7 6. Bg2 Bxc3+ 7. bxc3 O-O 8.
O-O Re8 9. Re1 h6 10. Nd2 Bxg2 11. Kxg2 d5 12. e4 dxe4 13. Nxe4 Nxe4 14. Rxe4
Nd7 15. Qf3 c5 16. Rh4 Nf8 17. Be3 cxd4 18. cxd4 Rc8 19. d5 Ng6 20. Rd4 Ne5 21.
Qh5 f5 22. dxe6 Qf6 23. Rd5 Qxe6 24. Rad1 Ng4 25. Bd4 g6 26. Qh4 Rxc4 27. Rd8
g5 28. Ba1 gxh4 0-1

[Event "ZMD Open"]
[Site "Dresden"]
[Date "????.??.??"]
[Round "3"]
[White "Bracker, F."]
[Black "Markowski, T."]
[Result "0-1"]
[WhiteElo "2198"]
[BlackElo "2573"]
[PlyCount "68"]
[EventDate "2007.07.??"]
[EventType "swiss"]

1. e4 d6 2. d4 Nf6 3. Nc3 Nc6 4. Nf3 Bg4 5. Bb5 a6 6. Bxc6+ bxc6 7. h3 Bh5 8.
O-O e6 9. Re1 Be7 10. Bg5 h6 11. Bxf6 Bxf6 12. e5 Be7 13. Ne4 O-O 14. Ng3 Bg6
15. c4 Qb8 16. b3 Qb7 17. Re3 a5 18. a4 Rfd8 19. Qe2 c5 20. exd6 Bxd6 21. Rd1
Bf4 22. Rc3 Qb4 23. Qe1 cxd4 24. Rxd4 Rxd4 25. Nxd4 Be5 26. Qe3 Rd8 27. Qxe5
Qxc3 28. Nge2 Qe1+ 29. Kh2 Rxd4 30. Qxd4 Qxe2 31. Qd8+ Kh7 32. Qxc7 Qxf2 33.
Qb7 Qf4+ 34. Kg1 Be4 0-1

[Event "ZMD Open"]
[Site "Dresden"]
[Date "????.??.??"]
[Round "3"]
[White "Savchenko, S."]
[Black "Rozov, B."]
[Result "1-0"]
[WhiteElo "2571"]
[BlackElo "2186"]
[PlyCount "95"]
[EventDate "2007.07.??"]
[EventType "swiss"]

1. d4 Nf6 2. c4 e6 3. Nf3 d5 4. Nc3 Bb4 5. Qa4+ Nc6 6. e3 Ne4 7. Qc2 O-O 8. Bd3
f5 9. O-O Kh8 10. a3 Bxc3 11. bxc3 b6 12. cxd5 exd5 13. c4 dxc4 14. Bxc4 Bb7
15. Rd1 Ng5 16. Nxg5 Qxg5 17. Bf1 Rac8 18. f3 Qg6 19. Qf2 Nd8 20. Bb2 Bd5 21.
Rac1 Ne6 22. Re1 Ng5 23. Qg3 Rf7 24. Kh1 Re7 25. h4 Nf7 26. Qxg6 hxg6 27. Kg1
Nd6 28. a4 Rce8 29. Rc3 Rf8 30. Ba3 Rf6 31. Rec1 c6 32. Kf2 Re8 33. Be2 Rfe6
34. Bd3 Nb7 35. h5 Rxe3 36. hxg6 Kg8 37. Bxf5 Re2+ 38. Kg3 Nd8 39. Bd7 R8e3 40.
Bd6 Rxc3 41. Rxc3 Kh8 42. Rc1 Kg8 43. Be5 Kf8 44. Rh1 Ke7 45. Bf5 Be6 46. Be4
Bd5 47. Bxd5 cxd5 48. Bxg7 1-0

[Event "ZMD Open"]
[Site "Dresden"]
[Date "????.??.??"]
[Round "3"]
[White "Amos, F."]
[Black "Ovsejevitsch, S."]
[Result "0-1"]
[WhiteElo "2190"]
[BlackElo "2568"]
[PlyCount "40"]
[EventDate "2007.07.??"]
[EventType "swiss"]

1. e4 e5 2. Nc3 Nf6 3. Bc4 c6 4. d4 Bb4 5. dxe5 Nxe4 6. Qd4 d5 7. exd6 O-O 8.
Bf4 Bf5 9. Bxf7+ Rxf7 10. Qxb4 Na6 11. Qa3 c5 12. Nd5 Nxd6 13. O-O-O Nb5 14.
Qg3 Bxc2 15. Bg5 Qe8 16. Kxc2 Qe4+ 17. Kc1 Nd4 18. Ne3 Nb4 19. f3 Qe6 20. a3
Nb3+ 0-1

[Event "ZMD Open"]
[Site "Dresden"]
[Date "????.??.??"]
[Round "3"]
[White "Kovalev, A."]
[Black "Möller, H."]
[Result "1-0"]
[WhiteElo "2529"]
[BlackElo "2175"]
[PlyCount "79"]
[EventDate "2007.07.??"]
[EventType "swiss"]

1. e4 e5 2. Nf3 Nc6 3. Bb5 a6 4. Ba4 Nf6 5. d3 Bc5 6. O-O d6 7. c3 b5 8. Bc2
O-O 9. a4 Bg4 10. h3 Bh5 11. Nbd2 Rb8 12. Re1 Re8 13. b4 Bb6 14. Nf1 d5 15.
axb5 axb5 16. Bd2 d4 17. c4 bxc4 18. dxc4 d3 19. Ba4 Bxf3 20. Qxf3 Nd4 21. Qxd3
c6 22. c5 Bc7 23. Ng3 Qc8 24. Qc4 g6 25. Be3 Qb7 26. Reb1 Kg7 27. Bb3 Re7 28.
Bd1 h5 29. Bg5 Ne6 30. Qc1 Nf4 31. Be2 Nxe2+ 32. Nxe2 Rd7 33. Bxf6+ Kxf6 34. b5
Ra8 35. b6 Bd8 36. Qc3 Rxa1 37. Rxa1 Qb8 38. f4 Re7 39. fxe5+ Rxe5 40. Nd4 1-0

[Event "ZMD Open"]
[Site "Dresden"]
[Date "????.??.??"]
[Round "3"]
[White "Guenther, T."]
[Black "Naumann, A."]
[Result "0-1"]
[WhiteElo "2171"]
[BlackElo "2550"]
[PlyCount "90"]
[EventDate "2007.07.??"]
[EventType "swiss"]

1. Nf3 Nf6 2. d4 g6 3. g3 Bg7 4. Bg2 O-O 5. O-O d5 6. c3 Nc6 7. Ne5 Bf5 8. h3
Nxe5 9. dxe5 Ne4 10. g4 Be6 11. Bf4 f6 12. exf6 Nxf6 13. Qd2 h5 14. f3 Bf7 15.
Na3 Nh7 16. Bg3 e5 17. e3 Qe7 18. e4 dxe4 19. gxh5 gxh5 20. fxe4 h4 21. Bf2 Be6
22. Be3 Rad8 23. Qe2 Qd7 24. Rxf8+ Rxf8 25. Kh2 Qf7 26. b3 Qg6 27. Bf2 Rf4 28.
Nc4 Ng5 29. Nd2 Kh7 30. Qe1 Bh6 31. Be3 Qf7 32. Qe2 Rf6 33. Rf1 Rxf1 34. Bxf1
Qf6 35. Bg2 Kg7 36. Qe1 Nf7 37. Bxh6+ Qxh6 38. Qf2 b6 39. Nf1 Qf4+ 40. Qxf4
exf4 41. Nd2 Ng5 42. Nf3 Nxf3+ 43. Bxf3 Kf6 44. Bg4 Ke5 45. Bf3 a5 0-1

[Event "ZMD Open"]
[Site "Dresden"]
[Date "????.??.??"]
[Round "4"]
[White "Ghaem Maghami, E."]
[Black "Lobzhanidze, D."]
[Result "1/2-1/2"]
[WhiteElo "2610"]
[BlackElo "2470"]
[PlyCount "36"]
[EventDate "2007.07.??"]
[EventType "swiss"]

1. c4 e6 2. Nf3 d5 3. g3 Nf6 4. d4 Be7 5. Bg2 O-O 6. O-O c6 7. Qc2 Nbd7 8. Rd1
b6 9. b3 Ba6 10. Bf4 Rc8 11. Nc3 Nh5 12. Be3 f5 13. Na4 Bd6 14. Nb2 Nhf6 15.
Nd3 Qe7 16. Bf4 c5 17. Bxd6 Qxd6 18. dxc5 Nxc5 1/2-1/2

[Event "ZMD Open"]
[Site "Dresden"]
[Date "????.??.??"]
[Round "4"]
[White "Breder, D."]
[Black "Graf, A."]
[Result "1/2-1/2"]
[WhiteElo "2420"]
[BlackElo "2595"]
[PlyCount "105"]
[EventDate "2007.07.??"]
[EventType "swiss"]

1. e4 g6 2. d4 Bg7 3. Nf3 d6 4. Be2 Nf6 5. Nc3 O-O 6. O-O Nc6 7. Bg5 h6 8. Bf4
Bg4 9. Qd2 h5 10. Rad1 e5 11. dxe5 dxe5 12. Qxd8 Raxd8 13. Be3 Nd4 14. Nxd4
exd4 15. Rxd4 Rxd4 16. Bxd4 Bxe2 17. Nxe2 Nxe4 18. Bxg7 Kxg7 19. Rd1 Re8 20. f3
Nd6 21. Kf2 Re5 22. b3 b5 23. c3 Kf6 24. Rd4 Ke7 25. Nf4 Rc5 26. Nd5+ Ke6 27.
Nf4+ Kd7 28. Nd5 Nf5 29. Rd3 Ke6 30. Nf4+ Ke5 31. g3 a6 32. Ng2 Ne7 33. Nf4 Nf5
34. Ke1 h4 35. Kf2 g5 36. Ne2 Rc6 37. g4 Rd6 38. Nc1 Ne7 39. Rxd6 Kxd6 40. Nd3
Nd5 41. c4 bxc4 42. bxc4 Nc3 43. a3 Nb1 44. a4 a5 45. Ke3 Nc3 46. Kd4 Nxa4 47.
c5+ Ke6 48. h3 f6 49. Kc4 f5 50. Kd4 Kf6 51. Kc4 Ke6 52. Kd4 Kf6 53. Kc4
1/2-1/2

[Event "ZMD Open"]
[Site "Dresden"]
[Date "????.??.??"]
[Round "4"]
[White "Arutinian, D."]
[Black "Delemarre, J."]
[Result "1/2-1/2"]
[WhiteElo "2591"]
[BlackElo "2457"]
[PlyCount "40"]
[EventDate "2007.07.??"]
[EventType "swiss"]

1. Nf3 Nf6 2. c4 g6 3. Nc3 Bg7 4. e4 d6 5. d4 O-O 6. h3 e5 7. d5 a5 8. Bg5 Qe8
9. Be2 Kh8 10. Qc2 Na6 11. O-O-O Nd7 12. h4 h6 13. Bd2 Ndc5 14. Be3 f5 15. Nd2
Nb4 16. Qb1 Na4 17. f3 f4 18. Bf2 Nxc3 19. bxc3 Na6 20. g4 b6 1/2-1/2

[Event "ZMD Open"]
[Site "Dresden"]
[Date "????.??.??"]
[Round "4"]
[White "Schaefer, M."]
[Black "Malakhatko, V."]
[Result "0-1"]
[WhiteElo "2411"]
[BlackElo "2590"]
[PlyCount "122"]
[EventDate "2007.07.??"]
[EventType "swiss"]

1. e4 e6 2. d4 d5 3. Nd2 c5 4. Ngf3 cxd4 5. exd5 Qxd5 6. Bc4 Qd6 7. O-O Nf6 8.
Nb3 Nc6 9. Nbxd4 Nxd4 10. Nxd4 a6 11. Bd3 Bd7 12. c3 Qc7 13. Bg5 Bd6 14. h3
Bh2+ 15. Kh1 Bf4 16. Bxf4 Qxf4 17. Qf3 Qxf3 18. Nxf3 Ke7 19. Ne5 Rhd8 20. Rfe1
Rac8 21. Be2 Ba4 22. Bf3 Rc7 23. Re2 g5 24. b3 Be8 25. c4 h5 26. g3 Rd4 27. Bg2
g4 28. Rae1 b5 29. Kg1 bxc4 30. bxc4 Kf8 31. h4 Nd7 32. Bf1 Nc5 33. Re3 Bc6 34.
Nxc6 Rxc6 35. Rb1 Kg7 36. Rb2 Rd1 37. Kg2 f5 38. Be2 Rd8 39. a4 Nxa4 40. Rb7+
Kg6 41. Ra7 Nc5 42. f3 Re8 43. Ra3 e5 44. Kf2 gxf3 45. Bxf3 e4 46. Be2 Rh8 47.
Ra1 Rb8 48. Rd1 Rb2 49. Rd5 Ne6 50. Ke3 Rcb6 51. c5 R6b3+ 52. Kf2 Rd3 53. Rd6
Kf6 54. Raxa6 Rxd6 55. Rxd6 Ke5 56. Ke3 f4+ 57. gxf4+ Nxf4 58. Bf1 Nd5+ 59.
Rxd5+ Kxd5 60. Be2 Rxe2+ 61. Kxe2 Kxc5 0-1

[Event "ZMD Open"]
[Site "Dresden"]
[Date "????.??.??"]
[Round "4"]
[White "Epishin, V."]
[Black "Schmidt, G."]
[Result "1/2-1/2"]
[WhiteElo "2587"]
[BlackElo "2401"]
[PlyCount "70"]
[EventDate "2007.07.??"]
[EventType "swiss"]

1. d4 e6 2. c4 Nf6 3. Nc3 Bb4 4. e3 b6 5. Nge2 Ne4 6. Bd2 Bxc3 7. Nxc3 Nxd2 8.
Qxd2 d6 9. Bd3 Nd7 10. O-O O-O 11. f4 f5 12. Rae1 Nf6 13. e4 fxe4 14. Nxe4 Nxe4
15. Bxe4 Rb8 16. b3 Qf6 17. g4 Qh4 18. g5 Kh8 19. Qf2 Qxf2+ 20. Rxf2 Bd7 21.
Kg2 Rbe8 22. Kg3 g6 23. Bg2 Re7 24. h4 Kg7 25. Rfe2 Ref7 26. Rf2 h6 27. Re3
hxg5 28. hxg5 Bc8 29. Rf1 c5 30. dxc5 bxc5 31. Ree1 e5 32. fxe5 Rxf1 33. Bxf1
dxe5 34. Bh3 Bf5 35. Re3 Re8 1/2-1/2

[Event "ZMD Open"]
[Site "Dresden"]
[Date "????.??.??"]
[Round "4"]
[White "Markowski, T."]
[Black "Heinig, W."]
[Result "1-0"]
[WhiteElo "2573"]
[BlackElo "2342"]
[PlyCount "175"]
[EventDate "2007.07.??"]
[EventType "swiss"]

1. g3 e5 2. c4 Nf6 3. Bg2 c6 4. d4 Bb4+ 5. Bd2 Bxd2+ 6. Qxd2 d6 7. Nc3 O-O 8.
dxe5 dxe5 9. Qxd8 Rxd8 10. Nf3 Re8 11. O-O Na6 12. Rfd1 h6 13. Rac1 Bf5 14. Nd2
Rad8 15. Nb3 Kf8 16. Na5 Bc8 17. a3 Ke7 18. b4 Nc7 19. Rxd8 Rxd8 20. Bxc6 bxc6
21. Nxc6+ Ke8 22. Nxd8 Kxd8 23. f3 Be6 24. Na4 Nd7 25. Kf2 Kc8 26. Nb2 f6 27.
Ke3 Kb7 28. Kd2 Na6 29. Kc3 Kc7 30. Rd1 Nab8 31. e3 Bf7 32. Na4 Bh5 33. g4 Bf7
34. f4 exf4 35. exf4 Be6 36. h3 Nc6 37. Re1 Bf7 38. b5 Nd8 39. c5 Ne6 40. Kd2
Nxf4 41. Re7 Bb3 42. c6 Bxa4 43. Rxd7+ Kc8 44. Rd4 Bxb5 45. Rxf4 Bxc6 46. Rd4
Kc7 47. Kc3 Bd7 48. Rd5 g6 49. Kd4 f5 50. gxf5 Bxf5 51. Rc5+ Kb6 52. Rc3 Kb5
53. Ke5 a5 54. Kf6 Ka4 55. h4 h5 56. Ke5 Bg4 57. Kd4 Be6 58. Rc5 Bg4 59. Kc3
Bf5 60. Kb2 Bd3 61. Rd5 Bf5 62. Rd4+ Kb5 63. Kc3 Kc5 64. Rf4 Kb5 65. Rc4 Be6
66. Rd4 Kc5 67. Rd8 Bf5 68. Re8 Kb5 69. Kb3 a4+ 70. Kc3 Kc5 71. Re5+ Kd6 72.
Ra5 Bd7 73. Ra6+ Ke5 74. Rxg6 Kf4 75. Kb4 Bg4 76. Kxa4 Kg3 77. Kb4 Kxh4 78. a4
Kh3 79. a5 Bf3 80. a6 h4 81. Kc3 Kh2 82. Kd4 h3 83. Ke3 Bg2 84. Kf2 Kh1 85. a7
Be4 86. Rg1+ Kh2 87. Rg8 Bg2 88. a8=Q 1-0

[Event "ZMD Open"]
[Site "Dresden"]
[Date "????.??.??"]
[Round "4"]
[White "Turikov, V."]
[Black "Savchenko, S."]
[Result "0-1"]
[WhiteElo "2340"]
[BlackElo "2571"]
[PlyCount "146"]
[EventDate "2007.07.??"]
[EventType "swiss"]

1. e3 d5 2. Nf3 Nf6 3. c4 c6 4. Nc3 e6 5. b3 Bd6 6. Bb2 O-O 7. Be2 dxc4 8. bxc4
e5 9. d3 Re8 10. O-O Bg4 11. Ng5 Bxe2 12. Qxe2 Nbd7 13. Nce4 Nxe4 14. Nxe4 Bc7
15. Ba3 Nf6 16. Nxf6+ Qxf6 17. Rab1 b6 18. Bb2 Qg6 19. Rbd1 Rad8 20. d4 e4 21.
d5 c5 22. g3 Qf5 23. Kg2 Rd6 24. f4 exf3+ 25. Qxf3 Qg6 26. e4 Qxe4 27. Qxe4
Rxe4 28. Rde1 Rxe1 29. Rxe1 Kf8 30. a4 Rd7 31. h3 Bd6 32. Kf3 Bc7 33. g4 f6 34.
Re6 Rd6 35. Rxd6 Bxd6 36. Ke4 Kf7 37. Kf5 Bg3 38. Bc3 Ke7 39. Bb2 Kd6 40. Ke4
Ke7 41. Kf5 Kd6 42. Ke4 Be5 43. Bc1 a6 44. Bd2 g6 45. Be1 Kd7 46. g5 Kd6 47.
gxf6 Bxf6 48. Bg3+ Kd7 49. Be1 Bg7 50. Bd2 Bf8 51. Bf4 Bd6 52. Bg5 Kc7 53. Bd2
h5 54. Be1 Kb7 55. Bd2 b5 56. cxb5 axb5 57. axb5 Kb6 58. Bf4 Be7 59. d6 Bd8 60.
Kd5 Kxb5 61. d7 g5 62. Be3 c4 63. Bd2 h4 64. Kd4 Bf6+ 65. Ke4 Kc6 66. Kf5 Bd8
67. Ke6 g4 68. hxg4 h3 69. Bf4 c3 70. g5 c2 71. g6 h2 72. g7 h1=Q 73. Kf7 Qd5+
0-1

[Event "ZMD Open"]
[Site "Dresden"]
[Date "????.??.??"]
[Round "4"]
[White "Ovsejevitsch, S."]
[Black "Zozulia, A."]
[Result "1-0"]
[WhiteElo "2568"]
[BlackElo "2328"]
[PlyCount "63"]
[EventDate "2007.07.??"]
[EventType "swiss"]

1. d4 Nf6 2. c4 g6 3. Nc3 Bg7 4. e4 d6 5. Nge2 O-O 6. Ng3 h5 7. Be2 c6 8. Bg5
Nh7 9. Be3 e5 10. d5 cxd5 11. cxd5 a6 12. a4 h4 13. Nf1 f5 14. f3 Bf6 15. Nd2
Bg5 16. Bf2 Nd7 17. Nc4 Qe7 18. Bd3 Rb8 19. Qc2 Qf6 20. a5 h3 21. Rg1 hxg2 22.
Rxg2 Kh8 23. Ke2 fxe4 24. Bxe4 Nc5 25. Bxc5 dxc5 26. h4 Bxh4 27. Bxg6 Qf4 28.
Rh1 Bf5 29. Bxf5 Rxf5 30. Qe4 Bg5 31. Qxf4 Bxf4 32. Nd6 1-0

[Event "ZMD Open"]
[Site "Dresden"]
[Date "????.??.??"]
[Round "4"]
[White "Schütze, N."]
[Black "Kovalev, A."]
[Result "0-1"]
[WhiteElo "2303"]
[BlackElo "2529"]
[PlyCount "86"]
[EventDate "2007.07.??"]
[EventType "swiss"]

1. e4 c5 2. Nf3 e6 3. d4 cxd4 4. Nxd4 a6 5. Bd3 Bc5 6. Nb3 Ba7 7. Qg4 Nf6 8.
Qg3 d6 9. Nc3 Nc6 10. Bg5 b5 11. O-O h6 12. Bxf6 gxf6 13. Rad1 Ke7 14. Be2 Rg8
15. Qh3 b4 16. Nb1 e5 17. Qd3 a5 18. a4 Be6 19. N1d2 Rc8 20. Nc4 Nd4 21. Ncxa5
Nxe2+ 22. Qxe2 Bh3 23. g3 Qc7 24. Qd2 Bxf1 25. Kxf1 Rgd8 26. Qxb4 Qxc2 27. Rd2
Qc7 28. Rd3 Qb6 29. Qd2 Rd7 30. Rf3 h5 31. h4 Rg8 32. Kg2 Rc7 33. Rf5 Rg4 34.
Qe2 Qb4 35. f3 Qb6 36. Kh3 Qg1 37. Qg2 Qxg2+ 38. Kxg2 Rc2+ 39. Kh3 Bg1 40. Rxh5
Rg8 41. g4 Rh2+ 42. Kg3 Rxb2 43. Nc6+ Kd7 0-1

[Event "ZMD Open"]
[Site "Dresden"]
[Date "????.??.??"]
[Round "4"]
[White "Naumann, A."]
[Black "Kummerow, H."]
[Result "1-0"]
[WhiteElo "2550"]
[BlackElo "2308"]
[PlyCount "85"]
[EventDate "2007.07.??"]
[EventType "swiss"]

1. e4 e6 2. d4 d5 3. Nd2 Nf6 4. e5 Nfd7 5. Bd3 c5 6. c3 Nc6 7. Ne2 cxd4 8. cxd4
Qb6 9. Nf3 f6 10. exf6 Nxf6 11. O-O Bd6 12. Nc3 O-O 13. Be3 Bd7 14. Rc1 Rac8
15. Ne5 Be8 16. Qd2 Ne7 17. Rfe1 Rd8 18. Bg5 Bb8 19. Bf4 Nh5 20. Bg5 Nf6 21.
Bb1 Qd6 22. Ne2 Nc6 23. Bf4 Qe7 24. Nxc6 Bxc6 25. Bxb8 Rxb8 26. f3 Qd6 27. Rc3
Bb5 28. Ng3 Rfe8 29. Rce3 Qb6 30. Rb3 Qa6 31. Qb4 Bc6 32. Bd3 b5 33. Rc3 Bd7
34. Rec1 e5 35. dxe5 Rxe5 36. Qd4 Rbe8 37. Ra3 Qe6 38. Rxa7 Re1+ 39. Rxe1 Qxe1+
40. Nf1 Qc1 41. Rxd7 Nxd7 42. Qxd5+ Kf8 43. Qxd7 1-0

[Event "ZMD Open"]
[Site "Dresden"]
[Date "2007.07.25"]
[Round "5"]
[White "Malakhatko, V."]
[Black "Naumann, A."]
[Result "1/2-1/2"]
[WhiteElo "2590"]
[BlackElo "2550"]
[Annotator "01"]
[PlyCount "43"]
[EventDate "2007.07.??"]
[EventType "swiss"]

1. d4 d5 2. c4 c6 3. Nf3 Nf6 4. Nc3 dxc4 5. a4 Bf5 6. Ne5 e6 7. f3 c5 8. e4
cxd4 9. exf5 Bb4 10. Bxc4 dxc3 11. Qxd8+ Kxd8 12. O-O cxb2 13. Bxb2 Ke7 14.
fxe6 fxe6 15. Nd3 Rc8 16. Bxe6 Kxe6 17. Nxb4 Nbd7 18. Rfe1+ Kf7 19. Re2 Rc4 20.
Nd3 Re8 21. Rd2 Nc5 22. Nxc5 1/2-1/2

[Event "ZMD Open"]
[Site "Dresden"]
[Date "2007.07.25"]
[Round "5"]
[White "Kovalev, A."]
[Black "Markowski, T."]
[Result "1/2-1/2"]
[WhiteElo "2529"]
[BlackElo "2573"]
[Annotator "02"]
[PlyCount "36"]
[EventDate "2007.07.??"]
[EventType "swiss"]

1. e4 d6 2. d4 Nf6 3. Nc3 e5 4. Nge2 Nc6 5. f3 exd4 6. Nxd4 Be7 7. Be3 O-O 8.
Qd2 Nxd4 9. Qxd4 c6 10. O-O-O Be6 11. g4 Nd7 12. Kb1 b5 13. Be2 Nb6 14. f4 Bc4
15. g5 Re8 16. b3 Bxe2 17. Nxe2 Bf8 18. Ng3 d5 1/2-1/2

[Event "ZMD Open"]
[Site "Dresden"]
[Date "2007.07.25"]
[Round "5"]
[White "Savchenko, S."]
[Black "Firman, N."]
[Result "0-1"]
[WhiteElo "2571"]
[BlackElo "2517"]
[Annotator "03"]
[PlyCount "66"]
[EventDate "2007.07.??"]
[EventType "swiss"]

1. Nf3 g6 2. d4 f5 3. g3 Nf6 4. Bg2 Bg7 5. O-O O-O 6. b4 c6 7. c4 Ne4 8. Bb2 a5
9. a3 d5 10. Nbd2 Be6 11. Qc2 Nxd2 12. Nxd2 dxc4 13. Nxc4 axb4 14. axb4 Na6 15.
Rfd1 Nxb4 16. Qb3 Rxa1 17. Bxa1 b5 18. Qxb4 Bxc4 19. Bxc6 Qd6 20. Qc5 Qxc5 21.
dxc5 Rc8 22. Bd5+ Bxd5 23. Bxg7 Bb3 24. Rb1 Kxg7 25. Rxb3 Rxc5 26. f4 Kf6 27.
Kf2 Ke6 28. Ke3 Rd5 29. Ra3 Kd6 30. Ra6+ Kc5 31. Ra7 b4 32. Rxe7 b3 33. Rxh7
Kc6 0-1

[Event "ZMD Open"]
[Site "Dresden"]
[Date "2007.07.25"]
[Round "5"]
[White "Polak, T."]
[Black "Ovsejevitsch, S."]
[Result "1/2-1/2"]
[WhiteElo "2544"]
[BlackElo "2568"]
[Annotator "04"]
[PlyCount "33"]
[EventDate "2007.07.??"]
[EventType "swiss"]

1. d4 Nf6 2. c4 e6 3. Nf3 b6 4. g3 Bb7 5. Bg2 Be7 6. Nc3 O-O 7. O-O Na6 8. Bf4
Nh5 9. Bd2 Nf6 10. Bf4 Nh5 11. Bc1 Nf6 12. Re1 Ne4 13. Bd2 f5 14. a3 Bf6 15.
Rc1 c5 16. dxc5 bxc5 17. Qc2 1/2-1/2

[Event "ZMD Open"]
[Site "Dresden"]
[Date "2007.07.25"]
[Round "5"]
[White "Pirrot, D."]
[Black "Ghaem Maghami, E."]
[Result "1/2-1/2"]
[WhiteElo "2411"]
[BlackElo "2610"]
[Annotator "05"]
[PlyCount "33"]
[EventDate "2007.07.??"]
[EventType "swiss"]

1. e4 c5 2. c3 d5 3. exd5 Qxd5 4. d4 e6 5. Nf3 cxd4 6. cxd4 Nf6 7. Nc3 Qd6 8.
Bd3 Be7 9. O-O Nc6 10. a3 O-O 11. Be3 b6 12. Qe2 Bb7 13. Rad1 Rfe8 14. Rfe1
Rad8 15. Bg5 Qb8 16. Bb1 g6 17. Ba2 1/2-1/2

[Event "ZMD Open"]
[Site "Dresden"]
[Date "2007.07.25"]
[Round "5"]
[White "Graf, A."]
[Black "Spiess , G."]
[Result "1-0"]
[WhiteElo "2595"]
[BlackElo "2405"]
[Annotator "06"]
[PlyCount "59"]
[EventDate "2007.07.??"]
[EventType "swiss"]

1. d4 d5 2. c4 c6 3. Nc3 Nf6 4. cxd5 cxd5 5. Bf4 Nc6 6. e3 Bf5 7. Bb5 e6 8. Nf3
Nd7 9. O-O Rc8 10. Qb3 Be7 11. Rfc1 O-O 12. Bxc6 bxc6 13. Qb7 g5 14. Bg3 g4 15.
Ne5 Rc7 16. Qa6 Qc8 17. Qe2 Nxe5 18. Bxe5 Rb7 19. e4 dxe4 20. Nxe4 Qd8 21. Rxc6
f6 22. Bd6 Qd7 23. Bxe7 Qxc6 24. Nxf6+ Rxf6 25. Bxf6 Qe4 26. Qd2 Rc7 27. Be5
Rc2 28. Qg5+ Kf7 29. Qg7+ Ke8 30. Bf6 1-0

[Event "ZMD Open"]
[Site "Dresden"]
[Date "????.??.??"]
[Round "?"]
[White "Firman, N."]
[Black "Graf, A."]
[Result "1/2-1/2"]
[WhiteElo "2517"]
[BlackElo "2595"]
[PlyCount "97"]
[EventDate "2007.07.??"]
[EventType "swiss"]

1. e4 e5 2. Nf3 Nc6 3. Bb5 a6 4. Bxc6 dxc6 5. O-O f6 6. d4 exd4 7. Nxd4 c5 8.
Nb3 Qxd1 9. Rxd1 Bd6 10. Na5 b6 11. Nc4 Be7 12. Bf4 Bd8 13. Nc3 Ne7 14. Rd2 Be6
15. Ne3 Rf8 16. Rad1 Rf7 17. Ncd5 Nxd5 18. exd5 Bd7 19. g4 Re7 20. Kg2 Kf7 21.
d6 cxd6 22. Rxd6 Ke8 23. R6d2 Bc6+ 24. Kg3 Rd7 25. Bd6 Kf7 26. f4 Rc8 27. f5 b5
28. Bf4 Rxd2 29. Rxd2 c4 30. c3 g5 31. fxg6+ hxg6 32. Rf2 Be4 33. g5 Bb6 34.
gxf6 Rd8 35. Re2 Rd3 36. Bg5 Bc7+ 37. Kh4 Bf3 38. Rf2 Bc6 39. Ng4 Bd7 40. Nh6+
Kf8 41. Bf4 Bxf4 42. Rxf4 Rd5 43. Kg3 Rg5+ 44. Ng4 Kf7 45. h4 Rxg4+ 46. Rxg4
Bxg4 47. Kxg4 Kxf6 48. Kf4 Kg7 49. Kg5 1/2-1/2

[Event "ZMD Open"]
[Site "Dresden"]
[Date "????.??.??"]
[Round "?"]
[White "Ovsejevitsch, S."]
[Black "Malakhatko, V."]
[Result "1/2-1/2"]
[WhiteElo "2568"]
[BlackElo "2590"]
[PlyCount "27"]
[EventDate "2007.07.??"]
[EventType "swiss"]

1. d4 d5 2. c4 c6 3. e3 Nf6 4. Nc3 a6 5. Nf3 e6 6. Qc2 c5 7. a3 dxc4 8. dxc5
Bxc5 9. Bxc4 Nbd7 10. b4 Be7 11. Bb2 b5 12. Be2 Bb7 13. O-O Rc8 14. Qb3 1/2-1/2